000 00240nam a2200097Ia 4500
001 736411
005 20250826163911.0
008 250824s9999 xx 000 0 und d
245 0 _aASLIYI BEKLEYEN ELMA
_cAYDIN BALCI
260 _bTUDEM YAYINLARI
999 _c736411
_d736411